Miasta w Heroes of Might and Magic III - Statystyki

Ogólne statystyki
  • Ten quiz został rozwiązany 1 407 razy
  • Średni wynik to 7 z 9
Statystyki odpowiedzi
Odpowiedź % Poprawnych
Zamek
95%
Bastion
92%
Inferno
86%
Cytadela
81%
Twierdza
81%
Wrota Żywiołów
78%
Nekropolia
76%
Forteca
74%
Lochy
69%
Nie znaleziono quizów pasujących do podanych kryteriów
Rozkład punktacji
Procent ludzi z każdym wynikiem
Percentyl według liczby udzielonych odpowiedzi
Twoja historia wyników
Nie rozwiązałeś tego quizu